Online
Catalog

Guía para la auditoría de sistemas automatizados de procesamiento de datos / (Record no. 24115)

MARC details
000 -CABECERA
campo de control de longitud fija 00920nam a2200241 a 4500
001 - NÚMERO DE CONTROL
campo de control 000024622
005 - FECHA Y HORA DE LA ÚLTIMA TRANSACCIÓN
campo de control 20200930023255.0
008 - DATOS DE LONGITUD FIJA--INFORMACIÓN GENERAL
campo de control de longitud fija 110201s1970 mx ad r 000 0 spa d
040 ## - FUENTE DE LA CATALOGACIÓN
Centro catalogador/agencia de origen DO-SdBNP
Lengua de catalogación spa
Centro/agencia transcriptor BNPHU
082 ## - NÚMERO DE LA CLASIFICACIÓN DECIMAL DEWEY
Número de clasificación xxxxx
Número de documento/Ítem G896p
049 ## - FONDOS LOCALES (OCLC)
Fondos de biblioteca BNGR
245 00 - MENCIÓN DE TÍTULO
Título Guía para la auditoría de sistemas automatizados de procesamiento de datos /
Mención de responsabilidad, etc. traducción Mario del Valle Sánchez ; prólogo Don Coupland.
250 ## - MENCIÓN DE EDICIÓN
Mención de edición 2a ed.
260 ## - PUBLICACIÓN, DISTRIBUCIÓN, ETC.
Lugar de publicación, distribución, etc. México, D. F. :
Nombre del editor, distribuidor, etc. Herrero Hermanos,
Fecha de publicación, distribución, etc. 1970.
300 ## - DESCRIPCIÓN FÍSICA
Extensión xi, 167 p. :
Otras características físicas il., diag. ;
Dimensiones 22 cm.
500 ## - NOTA GENERAL
Nota general Incluye glosario de términos.
500 ## - NOTA GENERAL
Nota general Incluye bibliografía p. [113-116].
500 ## - NOTA GENERAL
Nota general Incluye notas al pie de las páginas.
534 ## - NOTA SOBRE LA VERSIÓN ORIGINAL
Encabezamiento principal del original Guide for auditing automatic data processing systems.
700 1# - PUNTO DE ACCESO ADICIONAL--NOMBRE DE PERSONA
Nombre de persona Valle Sánchez, Mario del,
Término indicativo de función/relación tr.
9 (RLIN) 42392
700 1# - PUNTO DE ACCESO ADICIONAL--NOMBRE DE PERSONA
Nombre de persona Coupland, Don,
Término indicativo de función/relación pról.
9 (RLIN) 50491
710 1# - PUNTO DE ACCESO ADICIONAL--NOMBRE DE ENTIDAD CORPORATIVA
Nombre de entidad corporativa o nombre de jurisdicción como elemento de entrada Department of the Air Force, U.S.A.
9 (RLIN) 50492
Holdings
Estado de retiro Estado de pérdida Restricciones de uso No para préstamo Código de colección Localización permanente Ubicación/localización actual Ubicación en estantería Fecha de adquisición Número de inventario Total de préstamos Signatura topográfica completa Código de barras Fecha visto por última vez Precio válido a partir de Tipo de ítem Koha
        Monografías: Libros y Folletos General General En catalogación 01.02.2011 LF1   xxxxx G896p 24622-10 25.06.2020 25.06.2020 Préstamo en sala

Powered by Koha